000 00552nam a2200229Ia 4500
003 OSt
005 20220918175705.0
006 a|||||r|||| 00| 0
007 ta
008 220917b |||||||| |||| 00| 0 eng d
024 _a18,532
037 _cTextual
040 _aARTS
_cARTS
_beng
041 _2eng
_aeng
082 _aO:1N04x, H9
100 _aLewis C Day
_914860
245 0 _aPoems 1943-1947
260 _c1949
650 _aENGLISH LITERATURE
942 _hO:1N04x, H9
_cTEXL
_2CC
999 _c158639
_d158639